000 002430000a22000970004500
100 1 _aLlerena, Mario
245 1 0 _aMeditación de la violencia
300 _aVol. 6, Núm 33 (1994), Páginas 18-19
773 0 _tImpacto Presbiteriano
942 _cANA
999 _c51003
_d51003